Использование электронного обучения в программах профессиональной переподготовки "Охрана труда и безопасность технологических процессов и производств"; Уровневая подготовка специалистов: электронное обучение и открытые образовательные ресурсы

Detalles Bibliográficos
Parent link:Уровневая подготовка специалистов: электронное обучение и открытые образовательные ресурсы.— 2014.— [С. 294-297]
Autor Principal: Ефимова В. С. Вера Сергеевна
Corporate Authors: Национальный исследовательский Томский политехнический университет (ТПУ) Институт неразрушающего контроля (ИНК) Учебно-методический отдел (УМО), Главное учебно-методическое управление высшего образования
Outros autores: Данейкин Ю. В. Юрий Викторович, Мертинс К. В. Ксения Викторовна
Summary:Заглавие с титульного листа.
E-learning methods and opportunities for distance students in vocational training "Occupational health and industrial safety" are described.
Idioma:ruso
Publicado: 2014
Series:Образовательные ресурсы технического обучения опыт
Subjects:
Acceso en liña:http://earchive.tpu.ru/handle/11683/25803
http://www.lib.tpu.ru/fulltext/c/2014/C09/121.pdf
Formato: MixedMaterials Electrónico Capítulo de libro
KOHA link:https://koha.lib.tpu.ru/cgi-bin/koha/opac-detail.pl?biblionumber=610224

MARC

LEADER 00000naa2a2200000 4500
001 610224
005 20260402093703.0
035 |a (RuTPU)RU\TPU\conf\7820 
035 |a RU\TPU\conf\7818 
090 |a 610224 
100 |a 20150114d2014 k y0rusy50 ca 
101 0 |a rus 
102 |a RU 
135 |a drcn ---uucaa 
181 0 |a i  
182 0 |a b 
200 1 |a Использование электронного обучения в программах профессиональной переподготовки "Охрана труда и безопасность технологических процессов и производств"  |d Using e-learning in vocational training "Occupational health and industrial safety"  |f В. С. Ефимова, Ю. В. Данейкин, К. В. Мертинс 
203 |a Текст  |c электронный 
225 1 |a Образовательные ресурсы технического обучения опыт 
300 |a Заглавие с титульного листа. 
330 |a E-learning methods and opportunities for distance students in vocational training "Occupational health and industrial safety" are described. 
337 |a Adobe Reader 
463 1 |0 (RuTPU)RU\TPU\conf\7637  |t Уровневая подготовка специалистов: электронное обучение и открытые образовательные ресурсы  |o сборник трудов I Всероссийской научно-методической конференции, 20-21 марта 2014 г., Томск  |f Национальный исследовательский Томский политехнический университет (ТПУ) ; ред. кол. А. И. Чучалин [и др.]  |v [С. 294-297]  |d 2014 
510 1 |a Using e-learning in vocational training "Occupational health and industrial safety"  |z eng 
610 1 |a электронный ресурс 
610 1 |a труды учёных ТПУ 
610 1 |a электронное обучение 
610 1 |a профессиональная переподготовка 
610 1 |a Moodle 
610 1 |a документооборот 
610 1 |a электронное обучение 
610 1 |a охрана труда 
610 1 |a безопасность 
610 1 |a технологические процессы 
610 1 |a организация работы 
700 1 |a Ефимова  |b В. С.  |c документовед Томского политехнического университета  |f 1986-  |g Вера Сергеевна  |3 (RuTPU)RU\TPU\pers\33330 
701 1 |a Данейкин  |b Ю. В.  |c физик  |c доцент Томского политехнического университета, кандидат физико-математических наук  |f 1978-  |g Юрий Викторович  |3 (RuTPU)RU\TPU\pers\25387 
701 1 |a Мертинс  |b К. В.  |c начальник учебно-методического отдела Томского политехнического университета  |g Ксения Викторовна  |3 (RuTPU)RU\TPU\pers\24510 
712 0 2 |a Национальный исследовательский Томский политехнический университет (ТПУ)  |b Институт неразрушающего контроля (ИНК)  |b Учебно-методический отдел (УМО)  |3 (RuTPU)RU\TPU\col\18986 
712 0 2 |a Главное учебно-методическое управление высшего образования  |3 (RuTPU)RU\TPU\col\13844  |9 25795 
801 2 |a RU  |b 63413507  |c 20210408  |g RCR 
856 4 |u http://earchive.tpu.ru/handle/11683/25803 
856 4 |u http://www.lib.tpu.ru/fulltext/c/2014/C09/121.pdf 
942 |c BK